000 01556nkm a2200373 c 4500
999 _c210240
_d210240
003 BLK
005 20210211144506.0
008 180412b bul rap|r|||| r0| ||bulo|
010 _aKNG00163146000
040 _aBLK
041 _aBUL
_cBUL
080 _aХудожествени ръкоделия
_b746
_x(497.2)
_z746(497.2)
080 _aОблекло. Носия. Мода. Накит. Вж и 613.4 ; 646 ; 687
_b391
_x(497.2)
_z391(497.2)
100 1 _aМаслинков, Любен
_eпърви автор
_9352355
139 _aМаслинков, Любен
_bМ 37
245 1 0 _aСофийска везба
_bВезана, тъкана и плетена украса на женската носия
_cЛюбен Маслинков.
257 _aBGR
260 _bБълг. художник
_c1973
_aСофия
300 _a200 с.
_bил.
_c27 см
380 _a7
500 _aБиблиогр. с. 77. - Бел. към текст. - Рез. на нем. и рус. - 2 120 тир.
650 4 _aРъкоделие, художествено
_9314040
650 4 _aНародни носии, български
_9262386
651 4 _aБългария
_9241624
653 _aхудожествено ръкоделие
653 _aнародни носии
653 _aвезба
653 _aСофия
852 _aЦб ІІ 26478
_bЦб
856 4 _qpdf
_u
856 4 _qpdf
_u
942 _cGRA
_n0
_s1
944 _aCR
_c16.07.2014
_l16.07.2014 - от С1,Р / 16.07.2014
_kКамелия_Данева
944 _aED
_c16.07.2014
_l16.07.2014 - от С1,Р / 16.07.2014
999 _d210240